2007/2008 District Allocation Budget of the Ministry of state, Provisional Administration and Internal Security for the Year Ending 30th June, 2008 (Record no. 1006)

MARC details
000 -LEADER
fixed length control field 00458nam a22001217a 4500
008 - FIXED-LENGTH DATA ELEMENTS--GENERAL INFORMATION
fixed length control field 230612b xxu||||| |||| 00| 0 eng d
082 ## - DEWEY DECIMAL CLASSIFICATION NUMBER
Classification number 352.12520912
Item number KEN
100 ## - MAIN ENTRY--PERSONAL NAME
Titles and words associated with a name GOK
245 ## - TITLE STATEMENT
Title 2007/2008 District Allocation Budget of the Ministry of state, Provisional Administration and Internal Security for the Year Ending 30th June, 2008
Remainder of title Vote R01 and D01
Statement of responsibility, etc. Office of the president
260 ## - PUBLICATION, DISTRIBUTION, ETC. (IMPRINT)
Place of publication, distribution, etc. Nairobi, Kenya
Name of publisher, distributor, etc. GOK
Date of publication, distribution, etc. June 2008
300 ## - PHYSICAL DESCRIPTION
Extent 69p
942 ## - ADDED ENTRY ELEMENTS (KOHA)
Source of classification or shelving scheme Dewey Decimal Classification
Koha item type Books
Holdings
Withdrawn status Lost status Source of classification or shelving scheme Damaged status Not for loan Home library Current library Date acquired Total Checkouts Full call number Barcode Date last seen Price effective from Koha item type
    Dewey Decimal Classification     Bunge Tower Library Bunge Tower Library 06/12/2023   352.12520912 KEN 10015344 06/12/2023 06/12/2023 Books
LIBRARY OPENING HOURS

When the Parliament is sitting: 8.00a.m - 7.00p.m or until the house adjourns
Mondays and Fridays and when the House is on Recess:  8.00a.m - 5.00p.m
Closed on Weekends and Public Holidays

Online Public Access Catalog (OPAC)
Website: http://www.parliament.go.ke
Bunge Library: https://libraryir.parliament.go.ke
Contact: library@parliament.go.ke | Tel no: (254-2)2221291 or 2848000 Ext 5043